[Event "ODJM C 2023"]
[Site "Willingen GER"]
[Date "2023.06.02"]
[Round "8"]
[White "Betz, Niclas"]
[Black "Peglau, Lorena"]
[Result "1-0"]
[Termination "normal"]
[Board "28"]
[WhiteElo "1043"]
[BlackElo "1235"]
[WhiteClock "01:33:05"]
[BlackClock "01:32:59"]
[PlyCount "75"]
[WhiteFideId "34616748"]
[BlackFideId "16290542"]
[EventCountry "GER"]
[EventRounds "9"]
[EventType "swiss"]
[EventDate "2023.05.27"]

1. e4 {[%clk 01:30:57]} {[%emt 00:00:02]} c6 {[%clk 01:30:56]} {[%emt
00:00:05]} 2. d4 {[%clk 01:31:09]} {[%emt 00:00:18]} d5 {[%clk 01:31:19]}
{[%emt 00:00:07]} 3. Nc3 {[%clk 01:31:31]} {[%emt 00:00:08]} dxe4 {[%clk
01:31:40]} {[%emt 00:00:09]} 4. Nxe4 {[%clk 01:31:49]} {[%emt 00:00:12]} Bf5
{[%emt 00:00:19]} 5. Ng3 {[%clk 01:32:05]} Bg6 {[%clk 01:32:25]} {[%emt
00:00:10]} 6. h4 {[%clk 01:32:27]} {[%emt 00:00:08]} h6 {[%clk 01:32:46]}
{[%emt 00:00:09]} 7. Nf3 {[%clk 01:32:30]} {[%emt 00:00:27]} Nf6 {[%clk
01:32:58]} {[%emt 00:00:18]} 8. Ne5 {[%emt 00:00:26]} Bh7 {[%clk 01:32:47]}
{[%emt 00:00:38]} 9. Bd3 {[%clk 01:32:36]} {[%emt 00:00:31]} Bxd3 {[%clk
01:33:00]} {[%emt 00:00:18]} 10. Qxd3 {[%clk 01:32:52]} {[%emt 00:00:14]} Nbd7
{[%clk 01:33:16]} {[%emt 00:00:14]} 11. Nf3 {[%clk 01:32:52]} {[%emt 00:00:29]}
e6 {[%clk 01:33:18]} {[%emt 00:00:28]} 12. Bd2 {[%clk 01:32:51]} {[%emt
00:00:31]} Bd6 {[%clk 01:33:01]} {[%emt 00:00:48]} 13. O-O-O {[%clk 01:32:57]}
{[%emt 00:00:24]} a5 {[%clk 01:31:22]} {[%emt 00:02:09]} 14. Kb1 {[%clk
01:30:02]} {[%emt 00:03:25]} Qb6 {[%clk 01:31:17]} {[%emt 00:00:35]} 15. c4
{[%clk 01:28:41]} {[%emt 00:01:52]} Ba3 {[%clk 01:31:02]} {[%emt 00:00:45]} 16.
Qxa3 {[%clk 01:28:48]} {[%emt 00:00:23]} Ne4 {[%emt 00:00:56]} 17. Nxe4 {[%clk
01:28:58]} {[%emt 00:00:02]} Qc7 {[%clk 01:30:37]} {[%emt 00:00:46]} 18. Nd6+
{[%clk 01:29:08]} {[%emt 00:00:20]} Kd8 {[%clk 01:30:09]} {[%emt 00:00:58]} 19.
Nxf7+ {[%clk 01:29:30]} {[%emt 00:00:07]} Kc8 {[%clk 01:30:28]} {[%emt
00:00:12]} 20. Nxh8 {[%clk 01:29:30]} {[%emt 00:00:30]} Kb8 {[%clk 01:30:43]}
{[%emt 00:00:16]} 21. Rhe1 {[%clk 01:29:45]} {[%emt 00:00:13]} Qd8 {[%clk
01:30:07]} {[%emt 00:01:08]} 22. Qd6+ {[%clk 01:29:58]} {[%emt 00:00:17]} Ka7
{[%clk 01:30:17]} {[%emt 00:00:21]} 23. Nf7 {[%clk 01:30:04]} {[%emt 00:00:23]}
Qc8 {[%clk 01:30:33]} {[%emt 00:00:14]} 24. Bxa5 {[%clk 01:30:14]} {[%emt
00:00:20]} Ka6 {[%clk 01:30:52]} {[%emt 00:00:11]} 25. Qc7 {[%clk 01:29:54]}
{[%emt 00:00:50]} Qxc7 {[%clk 01:30:17]} {[%emt 00:01:05]} 26. Bxc7 {[%clk
01:30:04]} {[%emt 00:00:19]} Rc8 {[%clk 01:30:32]} {[%emt 00:00:16]} 27. Bd6
{[%clk 01:30:13]} {[%emt 00:00:21]} Ka7 {[%clk 01:30:40]} {[%emt 00:00:22]} 28.
Rd3 {[%clk 01:30:28]} {[%emt 00:00:14]} b6 {[%clk 01:30:50]} {[%emt 00:00:21]}
29. Bg3 {[%clk 01:30:46]} {[%emt 00:00:12]} Kb7 {[%clk 01:30:49]} {[%emt
00:00:31]} 30. Nd6+ {[%clk 01:31:08]} {[%emt 00:00:08]} Kb8 {[%clk 01:31:06]}
{[%emt 00:00:13]} 31. Nxc8+ {[%clk 01:31:25]} {[%emt 00:00:13]} Kxc8 {[%clk
01:31:24]} {[%emt 00:00:12]} 32. Rxe6 {[%clk 01:31:41]} {[%emt 00:00:13]} c5
{[%clk 01:31:17]} {[%emt 00:00:38]} 33. dxc5 {[%clk 01:32:02]} {[%emt
00:00:09]} bxc5 {[%clk 01:31:41]} {[%emt 00:00:06]} 34. Re8+ {[%clk 01:32:19]}
{[%emt 00:00:14]} Kb7 {[%clk 01:31:59]} {[%emt 00:00:12]} 35. Rxd7+ {[%clk
01:32:30]} {[%emt 00:00:18]} Kb6 {[%clk 01:32:23]} {[%emt 00:00:07]} 36. Re6+
{[%clk 01:32:46]} {[%emt 00:00:14]} Ka5 {[%clk 01:32:43]} {[%emt 00:00:10]} 37.
a3 {[%clk 01:32:52]} {[%emt 00:00:24]} h5 {[%clk 01:32:59]} {[%emt 00:00:13]}
38. Ra7# {[%clk 01:33:05]} {[%emt 00:00:12]} 1-0

[Event "ODJM C 2023"]
[Site "Willingen GER"]
[Date "2023.06.02"]
[Round "8"]
[White "Blome, Antonia"]
[Black "Steinkamp, Matthis"]
[Result "0-1"]
[Termination "normal"]
[Board "30"]
[WhiteElo "1099"]
[BlackElo "1153"]
[WhiteClock "00:48:52"]
[BlackClock "00:55:16"]
[PlyCount "52"]
[WhiteFideId "34630090"]
[BlackFideId "16287622"]
[EventCountry "GER"]
[EventRounds "9"]
[EventType "swiss"]
[EventDate "2023.05.27"]

1. d4 {[%clk 01:30:59]} {[%emt 00:00:01]} d5 {[%clk 01:30:52]} {[%emt
00:00:08]} 2. Bf4 {[%clk 01:31:24]} {[%emt 00:00:05]} Nf6 {[%clk 01:30:51]}
{[%emt 00:00:31]} 3. e3 {[%clk 01:31:45]} {[%emt 00:00:09]} Nc6 {[%clk
01:30:53]} {[%emt 00:00:28]} 4. Nf3 {[%clk 01:31:39]} {[%emt 00:00:36]} Bf5
{[%clk 01:31:06]} {[%emt 00:00:17]} 5. c3 {[%clk 01:32:04]} {[%emt 00:00:05]}
e6 {[%clk 01:31:15]} {[%emt 00:00:20]} 6. Nbd2 {[%clk 01:32:27]} {[%emt
00:00:07]} Bd6 {[%clk 01:31:03]} {[%emt 00:00:41]} 7. Ne5 {[%clk 01:32:12]}
{[%emt 00:00:46]} Nd7 {[%clk 01:31:08]} {[%emt 00:00:25]} 8. Ndf3 {[%clk
01:30:29]} {[%emt 00:02:12]} f6 {[%emt 00:03:38]} 9. Nxd7 {[%clk 01:28:52]}
{[%emt 00:00:36]} Qxd7 {[%clk 01:29:49]} {[%emt 00:00:13]} 10. Bxd6 {[%clk
01:29:06]} {[%emt 00:00:15]} Qxd6 {[%clk 01:28:39]} {[%emt 00:01:40]} 11. Bd3
{[%clk 01:25:38]} {[%emt 00:03:59]} Bg6 {[%clk 01:27:35]} {[%emt 00:01:34]} 12.
Qe2 {[%clk 01:22:18]} {[%emt 00:03:50]} Bxd3 {[%clk 01:16:20]} {[%emt
00:11:46]} 13. Qxd3 {[%clk 01:22:37]} {[%emt 00:00:10]} O-O {[%clk 01:12:31]}
{[%emt 00:04:19]} 14. O-O {[%clk 01:19:04]} {[%emt 00:04:04]} e5 {[%clk
01:06:06]} {[%emt 00:06:54]} 15. dxe5 {[%clk 01:09:17]} {[%emt 00:10:17]} Nxe5
{[%clk 01:05:36]} {[%emt 00:01:00]} 16. Nxe5 {[%clk 01:02:14]} {[%emt
00:07:34]} fxe5 {[%clk 01:05:53]} {[%emt 00:00:12]} 17. e4 {[%clk 01:00:54]}
{[%emt 00:01:50]} d4 {[%clk 01:04:56]} {[%emt 00:01:27]} 18. cxd4 {[%clk
01:00:26]} {[%emt 00:00:59]} Qxd4 {[%clk 01:01:29]} {[%emt 00:03:57]} 19. Qb3+
{[%clk 00:59:56]} {[%emt 00:01:00]} Kh8 {[%clk 01:01:00]} {[%emt 00:00:59]} 20.
Qxb7 {[%clk 00:57:39]} {[%emt 00:02:47]} Rab8 {[%clk 00:59:59]} {[%emt
00:01:31]} 21. Qxc7 {[%clk 00:53:20]} {[%emt 00:04:48]} Rxb2 {[%clk 01:00:18]}
{[%emt 00:00:11]} 22. Qe7 {[%clk 00:49:59]} {[%emt 00:03:51]} Rfxf2 {[%clk
00:56:21]} {[%emt 00:04:27]} 23. Qe8+ {[%clk 00:50:09]} {[%emt 00:00:20]} Rf8+
{[%clk 00:56:34]} {[%emt 00:00:15]} 24. Kh1 {[%clk 00:48:50]} {[%emt 00:01:52]}
Rxe8 {[%clk 00:56:50]} {[%emt 00:00:14]} 25. Rae1 {[%clk 00:48:48]} {[%emt
00:00:28]} Qd2 {[%clk 00:55:22]} {[%emt 00:02:01]} 26. Rg1 {[%clk 00:48:52]}
{[%emt 00:00:27]} Rf8 {[%clk 00:55:16]} {[%emt 00:00:36]} 0-1

[Event "ODJM C 2023"]
[Site "Willingen GER"]
[Date "2023.06.02"]
[Round "8"]
[White "Knudsen, Finn Luca"]
[Black "Hendricks, Ole"]
[Result "0-1"]
[Termination "normal"]
[Board "31"]
[WhiteElo "967"]
[BlackElo "1263"]
[PlyCount "78"]
[WhiteFideId "34630023"]
[BlackFideId "34660488"]
[EventCountry "GER"]
[EventRounds "9"]
[EventType "swiss"]
[EventDate "2023.05.27"]

1. e4 e5 2. Nf3 Nc6 3. Bc4 Bc5 4. c3 Nf6 5. d4 exd4 6. cxd4 Bb4+ 7. Bd2 Nxe4 8.
Bxb4 Nxb4 9. O-O d5 10. Bd3 Nxd3 11. Qxd3 O-O 12. Re1 Bf5 13. Nbd2 Nxd2 14.
Qxf5 Nxf3+ 15. Qxf3 c6 16. Rac1 Re8 17. Kf1 Qd7 18. Re2 Rxe2 19. Qxe2 Re8 20.
Qd2 Qd6 21. Re1 Rxe1+ 22. Qxe1 Kf8 23. g3 c5 24. Qe3 c4 25. a4 a6 26. h3 b5 27.
axb5 axb5 28. b3 b4 29. bxc4 Qa6 30. Qe5 Qxc4+ 31. Kg2 h6 32. Qd6+ Kg8 33. Qd8+
Kh7 34. Qd7 Qc2 35. g4 b3 36. Qxd5 b2 37. Qxf7 b1=Q 38. g5 Qe4+ 39. Kg3 Qg1#
0-1

[Event "ODJM C 2023"]
[Site "Willingen GER"]
[Date "2023.06.02"]
[Round "8"]
[White "Reh, Krispin"]
[Black "Prigandt, Junis"]
[Result "1-0"]
[Termination "normal"]
[Board "32"]
[WhiteElo "1083"]
[BlackElo "1019"]
[PlyCount "105"]
[WhiteFideId "16299205"]
[BlackFideId "34631712"]
[EventCountry "GER"]
[EventRounds "9"]
[EventType "swiss"]
[EventDate "2023.05.27"]

1. e4 e6 2. d4 d5 3. exd5 exd5 4. Nf3 Bd6 5. Nc3 Nf6 6. Bg5 Be6 7. Bb5+ c6 8.
Ba4 O-O 9. O-O h6 10. Bh4 Nbd7 11. Bb3 c5 12. Nxd5 Bxd5 13. Bxd5 Qc7 14. Bb3
Rae8 15. c3 b5 16. Rc1 c4 17. Bc2 Bf4 18. Rb1 Ng4 19. Bg3 Bxg3 20. hxg3 Ndf6
21. a4 a6 22. Ra1 Ra8 23. Re1 Qb6 24. Ne5 Nxe5 25. Rxe5 Rfe8 26. Rxe8+ Rxe8 27.
axb5 axb5 28. Qf3 b4 29. Ra8 b3 30. Be4 Qe6 31. Bd5 Qe1+ 32. Kh2 g6 33. Be4 Kg7
34. Rxe8 Nxe8 35. Bd5 Nd6 36. Qf4 Qe7 37. Kh3 g5 38. Qe5+ Qxe5 39. dxe5 Nb5 40.
Bxc4 Nxc3 41. bxc3 b2 42. Bd3 f6 43. Kg4 fxe5 44. Kf5 Kf7 45. Kxe5 Ke7 46. c4
Kd7 47. Kd5 Kc7 48. c5 h5 49. f4 gxf4 50. gxf4 h4 51. f5 Kc8 52. f6 Kd7 53. c6+
1-0

[Event "ODJM C 2023"]
[Site "Willingen GER"]
[Date "2023.06.02"]
[Round "8"]
[White "Haas, Valentina"]
[Black "Knudsen, Max Leon"]
[Result "0-1"]
[Termination "normal"]
[Board "33"]
[WhiteElo "797"]
[BlackElo "931"]
[PlyCount "110"]
[WhiteFideId "34660461"]
[BlackFideId "34629467"]
[EventCountry "GER"]
[EventRounds "9"]
[EventType "swiss"]
[EventDate "2023.05.27"]

1. e4 g6 2. d4 Bg7 3. Nf3 d6 4. Nc3 a6 5. a4 Bg4 6. Be2 Nc6 7. h3 Bxf3 8. Bxf3
Nxd4 9. O-O e6 10. Re1 Ne7 11. Bg5 f6 12. Bh4 O-O 13. Qxd4 g5 14. Bg3 f5 15.
Qc4 f4 16. Qxe6+ Kh8 17. Bh2 Rf6 18. Qc4 Nc6 19. Nd5 Ne5 20. Qb3 Rg6 21. Bh5
Rh6 22. Be2 Qd7 23. Qxb7 Rf8 24. f3 Bf6 25. Bxa6 Qg7 26. Qxc7 Qg6 27. Bc8 Bd8
28. Qd7 Nxd7 29. Bxd7 Qg7 30. Bc6 Qxb2 31. a5 Qxc2 32. a6 Qxc6 33. a7 Bf6 34.
Ra2 Be5 35. Ree2 Bd4+ 36. Kf1 Ra8 37. Rec2 Qb5+ 38. Re2 Rxa7 39. Rxa7 Bxa7 40.
Bg1 Bxg1 41. Nc3 Qc5 42. Na4 Qb5 43. Nc3 Qb6 44. Nd5 Qa7 45. Nc3 Qa1+ 46. Re1
Qxc3 47. Re2 Qd3 48. Ke1 Re6 49. Kf1 d5 50. e5 Rxe5 51. Kxg1 Qd1+ 52. Kh2 Rxe2
53. h4 Qd2 54. Kh3 Rxg2 55. h5 Rg3# 0-1

[Event "ODJM C 2023"]
[Site "Willingen GER"]
[Date "2023.06.02"]
[Round "8"]
[White "Finck, Julius"]
[Black "Hendler, Maximilian"]
[Result "1-0"]
[Termination "normal"]
[Board "34"]
[WhiteElo "1071"]
[BlackElo "971"]
[PlyCount "43"]
[WhiteFideId "34660429"]
[BlackFideId "34616500"]
[EventCountry "GER"]
[EventRounds "9"]
[EventType "swiss"]
[EventDate "2023.05.27"]

1. e4 c5 2. d4 cxd4 3. c3 dxc3 4. Nxc3 Nc6 5. Nf3 d6 6. Bc4 a6 7. O-O Nf6 8.
Qe2 Bg4 9. Rd1 Bxf3 10. gxf3 g6 11. Bf4 Nh5 12. Be3 e6 13. f4 Qc7 14. Rac1 Bg7
15. f5 exf5 16. exf5 O-O 17. fxg6 hxg6 18. Nd5 Qd8 19. Qd2 Ne5 20. Be2 Rc8 21.
Rxc8 Qxc8 22. Ne7+ 1-0

[Event "ODJM C 2023"]
[Site "Willingen GER"]
[Date "2023.06.02"]
[Round "8"]
[White "Lohrmann, Flavia"]
[Black "Ruddat, Merja"]
[Result "1-0"]
[Termination "normal"]
[Board "35"]
[WhiteElo "1066"]
[BlackElo "934"]
[PlyCount "157"]
[WhiteFideId "12982865"]
[BlackFideId "34660577"]
[EventCountry "GER"]
[EventRounds "9"]
[EventType "swiss"]
[EventDate "2023.05.27"]

1. e4 e5 2. Nf3 Nc6 3. Nc3 Nf6 4. Bb5 Bb4 5. a3 Ba5 6. b4 Bb6 7. O-O O-O 8.
Bxc6 dxc6 9. Nxe5 Re8 10. Nf3 Nxe4 11. Nxe4 Rxe4 12. d3 Re6 13. Ng5 Rg6 14. Re1
h6 15. Ne4 Bh3 16. Qh5 Bxg2 17. Ng3 Bd5 18. Re5 Qf6 19. Be3 Bxe3 20. fxe3 Qf3
21. e4 Qxh5 22. Rxh5 Be6 23. Kf2 Rd8 24. Ke3 Bg4 25. Re5 Kh7 26. Re7 Be6 27.
Rxc7 Rd7 28. Rc8 Rg4 29. Rf1 Rh4 30. Rf2 Rxd3+ 31. cxd3 Bxc8 32. Rxf7 Rxh2 33.
Rc7 Be6 34. Rxb7 a6 35. Rb6 h5 36. Nf1 Rh1 37. Rxc6 Rxf1 38. Rxe6 h4 39. Rc6 h3
40. Rc2 g5 41. e5 Kg7 42. Rh2 g4 43. e6 g3 44. Rxh3 g2 45. Rg3+ Kf6 46. Rxg2
Re1+ 47. Re2 Rxe2+ 48. Kxe2 Kxe6 49. Kd2 Kd6 50. Kc3 Kd5 51. Kb3 Kc6 52. Kc4
Kd6 53. b5 axb5+ 54. Kxb5 Kc7 55. a4 Kb7 56. d4 Kc7 57. a5 Kb7 58. a6+ Ka7 59.
Kc6 Kxa6 60. Kc7 Kb5 61. d5 Kc5 62. d6 Kd4 63. d7 Ke5 64. d8=Q Ke4 65. Qd6 Kf5
66. Qd4 Ke6 67. Qd6+ Kf5 68. Qe7 Kf4 69. Qe6 Kf3 70. Qe5 Kg4 71. Qf6 Kg3 72.
Qf5 Kg2 73. Qf4 Kg1 74. Qd2 Kf1 75. Kd6 Kg1 76. Ke5 Kf1 77. Kf4 Kg1 78. Kg3 Kh1
79. Qg2# 1-0

[Event "ODJM C 2023"]
[Site "Willingen GER"]
[Date "2023.06.02"]
[Round "8"]
[White "Löffelholz, Simon"]
[Black "Nehrukumar, Rithika"]
[Result "1-0"]
[Termination "normal"]
[Board "37"]
[WhiteElo "1264"]
[BlackElo "990"]
[PlyCount "61"]
[WhiteFideId "34623620"]
[BlackFideId "34660550"]
[EventCountry "GER"]
[EventRounds "9"]
[EventType "swiss"]
[EventDate "2023.05.27"]

1. d4 d5 2. Bf4 Nc6 3. e3 Bf5 4. Nf3 Nf6 5. c4 dxc4 6. Bxc4 e6 7. Nc3 Bd6 8.
Bxd6 Qxd6 9. O-O O-O-O 10. Re1 Bg4 11. a3 a6 12. h3 Bxf3 13. Qxf3 Kb8 14. Rab1
Rhe8 15. b4 Ne7 16. b5 a5 17. b6 cxb6 18. Rb3 Qc6 19. Qg3+ Ka7 20. Bb5 Qc8 21.
Bxe8 Rxe8 22. Rc1 Qd7 23. Rcb1 Ned5 24. Nb5+ Ka6 25. Nc7+ Nxc7 26. Rxb6+ Ka7
27. Rxb7+ Ka8 28. Rxc7 Qa4 29. Ra7+ Kxa7 30. Qc7+ Ka6 31. Qb6# 1-0

[Event "ODJM C 2023"]
[Site "Willingen GER"]
[Date "2023.06.02"]
[Round "8"]
[White "Reetz, Shaila"]
[Black "Lindl, Julian"]
[Result "1-0"]
[Termination "normal"]
[Board "38"]
[WhiteElo "1003"]
[BlackElo "1148"]
[PlyCount "47"]
[WhiteFideId "34630317"]
[BlackFideId "16258304"]
[EventCountry "GER"]
[EventRounds "9"]
[EventType "swiss"]
[EventDate "2023.05.27"]

1. e4 d5 2. exd5 Qxd5 3. Nc3 Qd8 4. Bc4 Nf6 5. d3 c6 6. f4 Bg4 7. Nf3 Bxf3 8.
Qxf3 e6 9. Bd2 a5 10. a4 Be7 11. O-O-O O-O 12. g4 Nd5 13. h4 Nxc3 14. Bxc3 Bb4
15. Be1 Nd7 16. g5 Qe7 17. h5 Nb6 18. g6 fxg6 19. hxg6 h6 20. Bh4 Qd7 21. Qh3
Rfe8 22. Bg5 Be7 23. Bxh6 gxh6 24. Bxe6+ 1-0

[Event "ODJM C 2023"]
[Site "Willingen GER"]
[Date "2023.06.02"]
[Round "8"]
[White "Anh, David"]
[Black "Hempel, Christian"]
[Result "1-0"]
[Termination "normal"]
[Board "40"]
[WhiteElo "1041"]
[BlackElo "774"]
[PlyCount "75"]
[WhiteFideId "34639500"]
[BlackFideId "34660470"]
[EventCountry "GER"]
[EventRounds "9"]
[EventType "swiss"]
[EventDate "2023.05.27"]

1. e4 e5 2. Nf3 Nc6 3. Bc4 Bc5 4. c3 Nf6 5. d3 O-O 6. O-O h6 7. h3 d6 8. Nbd2
Qe7 9. Re1 Be6 10. Bb5 Rab8 11. Nf1 Rfd8 12. Ng3 g6 13. d4 exd4 14. cxd4 Bb4
15. Rf1 d5 16. Bd3 dxe4 17. Nxe4 Nxe4 18. Bxe4 Bc4 19. Bd3 Ba6 20. Bxa6 bxa6
21. Bxh6 Rd7 22. Be3 Bc5 23. Rb1 f6 24. Qc2 Nxd4 25. Qxg6+ Kh8 26. Bxd4 Bxd4
27. Nxd4 Rxd4 28. b3 Rd2 29. Qh6+ Kg8 30. Qxd2 Kg7 31. Qe3 Qa3 32. Qxa7 Rg8 33.
Qxc7+ Kh8 34. Qf4 Rg7 35. Qxf6 Qb4 36. Rbd1 Qe4 37. f3 Qe3+ 38. Kh2 1-0

[Event "ODJM C 2023"]
[Site "Willingen GER"]
[Date "2023.06.02"]
[Round "8"]
[White "Kraus, Joshua"]
[Black "Funke, Max"]
[Result "1-0"]
[Termination "normal"]
[Board "43"]
[WhiteElo "836"]
[BlackElo "1031"]
[PlyCount "61"]
[WhiteFideId "34660500"]
[BlackFideId "34628681"]
[EventCountry "GER"]
[EventRounds "9"]
[EventType "swiss"]
[EventDate "2023.05.27"]

1. e4 c5 2. Nf3 Nc6 3. Bc4 d6 4. d4 cxd4 5. Nxd4 Nxd4 6. Qxd4 Nf6 7. Nc3 a6 8.
O-O e5 9. Qd1 g6 10. Bg5 Bg7 11. Qd5 Be6 12. Qd3 Bxc4 13. Qxc4 h6 14. Bxf6 Bxf6
15. Nd5 O-O 16. Rad1 Rc8 17. Qb3 Kg7 18. Qxb7 Rxc2 19. Qxa6 Rxb2 20. a4 Rb8 21.
Ra1 Ra8 22. Qb5 Rb8 23. Qd3 Ra8 24. Rfb1 Bh4 25. Rb5 Ra7 26. a5 Ra6 27. Rb6 Ra8
28. a6 Ra7 29. Rb7 Ra8 30. Nb4 Qf6 31. Qf3 1-0

[Event "ODJM C 2023"]
[Site "Willingen GER"]
[Date "2023.06.02"]
[Round "8"]
[White "Nehrukumar, Snikitha"]
[Black "Kutz, Henning Jasper"]
[Result "0-1"]
[Termination "normal"]
[Board "44"]
[WhiteElo "984"]
[BlackElo "830"]
[PlyCount "78"]
[WhiteFideId "34660569"]
[BlackFideId "34612882"]
[EventCountry "GER"]
[EventRounds "9"]
[EventType "swiss"]
[EventDate "2023.05.27"]

1. e4 e5 2. Nf3 Nc6 3. Bc4 Nf6 4. d3 Bc5 5. Nc3 d6 6. O-O O-O 7. Re1 Bg4 8. h3
Bh5 9. Be3 Bd4 10. Bd5 Bxc3 11. bxc3 Re8 12. d4 exd4 13. Bxd4 Nxd5 14. exd5
Rxe1+ 15. Qxe1 Bxf3 16. gxf3 Qg5+ 17. Kf1 Nxd4 18. cxd4 Qxd5 19. Qe3 Qc4+ 20.
Kg1 Qxc2 21. Re1 h6 22. Qe7 Qc3 23. Re4 Qxf3 24. d5 Qd1+ 25. Kg2 Qxd5 26. Kg3
c5 27. f4 c4 28. Re3 Qd2 29. f5 f6 30. Qe6+ Kh7 31. Kh4 c3 32. Rg3 Rf8 33. Qe4
c2 34. Qe7 Rg8 35. Qf7 c1=Q 36. Qg6+ Kh8 37. Qxg7+ Rxg7 38. Rxg7 Qg5+ 39. Rxg5
Qxg5# 0-1

[Event "ODJM C 2023"]
[Site "Willingen GER"]
[Date "2023.06.02"]
[Round "8"]
[White "Ginschel, Sophia"]
[Black "Söhren, Louis"]
[Result "1-0"]
[Termination "normal"]
[Board "45"]
[WhiteElo "809"]
[BlackElo "964"]
[PlyCount "131"]
[WhiteFideId "34660445"]
[BlackFideId "34631747"]
[EventCountry "GER"]
[EventRounds "9"]
[EventType "swiss"]
[EventDate "2023.05.27"]

1. e4 e5 2. Nf3 Nc6 3. Bc4 Bc5 4. c3 Nf6 5. d4 exd4 6. O-O dxc3 7. Nxc3 O-O 8.
Bf4 h6 9. a3 d6 10. b4 Bb6 11. e5 dxe5 12. Qxd8 Rxd8 13. Nxe5 Nd4 14. Bxf7+ Kh8
15. Ng6+ Kh7 16. Rad1 Bf5 17. Ne7 Be6 18. Bxe6 Nxe6 19. Rxd8 Rxd8 20. Bg3 a5
21. Re1 Bd4 22. Nb5 Bb6 23. h3 Nd4 24. Nxd4 Bxd4 25. bxa5 Bc3 26. Rc1 Bxa5 27.
Bxc7 Bxc7 28. Rxc7 Rd1+ 29. Kh2 b5 30. Rb7 Rb1 31. Nf5 Ne8 32. Nd4 Nd6 33. Rb6
Nc8 34. Rxb5 Rxb5 35. Nxb5 Nb6 36. Kg3 Kg6 37. Kf4 Kf6 38. Ke4 Ke6 39. Kd4 Kd7
40. Kc5 Na4+ 41. Kb4 Nb6 42. a4 Kc6 43. a5 Nd5+ 44. Kc4 Nc7 45. Nxc7 Kxc7 46.
Kb5 Kb7 47. a6+ Ka7 48. f4 g6 49. g4 Ka8 50. Kb6 Kb8 51. f5 g5 52. f6 h5 53.
gxh5 g4 54. f7 Kc8 55. f8=Q+ Kd7 56. hxg4 Ke6 57. Qd8 Kf7 58. Qd6 Ke8 59. Qc7
Kf8 60. Qd7 Kg8 61. Qe7 Kh8 62. Kc6 Kg8 63. Kd6 Kh8 64. Ke6 Kg8 65. Kf6 Kh8 66.
Qg7# 1-0

[Event "ODJM C 2023"]
[Site "Willingen GER"]
[Date "2023.06.02"]
[Round "8"]
[White "Wagner, Valentin Thien-Phú"]
[Black "Du, Melina"]
[Result "1/2-1/2"]
[Termination "normal"]
[Board "46"]
[WhiteElo "857"]
[BlackElo "931"]
[PlyCount "42"]
[WhiteFideId "34603492"]
[BlackFideId "34639659"]
[EventCountry "GER"]
[EventRounds "9"]
[EventType "swiss"]
[EventDate "2023.05.27"]

1. e4 e5 2. Nf3 Nc6 3. Bc4 Bc5 4. d3 Nf6 5. Nc3 d6 6. Be3 Bxe3 7. fxe3 O-O 8.
O-O Bd7 9. d4 Bg4 10. d5 Ne7 11. Qe2 c6 12. dxc6 Nxc6 13. Bb3 Rc8 14. Rf2 Qd7
15. Qf1 a6 16. Ng5 Nd8 17. Na4 b5 18. Nb6 Qa7 19. Nxc8 Bxc8 20. Rf3 Ng4 21. Re1
Qe7 1/2-1/2

[Event "ODJM C 2023"]
[Site "Willingen GER"]
[Date "2023.06.02"]
[Round "8"]
[White "Gyácsok, Rozália"]
[Black "Gattermayer, Jan"]
[Result "1/2-1/2"]
[Termination "normal"]
[Board "47"]
[WhiteElo "750"]
[BlackElo "852"]
[PlyCount "123"]
[WhiteFideId "34658424"]
[BlackFideId "34622306"]
[EventCountry "GER"]
[EventRounds "9"]
[EventType "swiss"]
[EventDate "2023.05.27"]

1. e4 e5 2. Nf3 Nc6 3. Bc4 Nf6 4. Nc3 h6 5. d3 Bc5 6. O-O d6 7. Bg5 hxg5 8.
Nxg5 Be6 9. Nxe6 fxe6 10. Bxe6 Qe7 11. Bd5 Qd7 12. a3 O-O-O 13. b4 Bd4 14. Qd2
Ne7 15. Rab1 c6 16. Ba2 Rh7 17. b5 Rdh8 18. h3 a6 19. bxc6 Nxc6 20. Rb2 Ng4 21.
Rfb1 Na5 22. Bd5 Bxf2+ 23. Kf1 Nh2+ 24. Ke2 g6 25. Kxf2 Rf8+ 26. Kg1 Rxh3 27.
gxh3 Qxh3 28. Qxh2 Qxh2+ 29. Kxh2 Rf2+ 30. Kg1 Rf4 31. Rf1 Rg4+ 32. Kh1 g5 33.
Rg1 Rh4+ 34. Kg2 g4 35. Kg3 Rh3+ 36. Kxg4 Rh7 37. Be6+ Kc7 38. Nd5+ Kc6 39. Rb4
Rg7+ 40. Kf3 Rxg1 41. Rb6+ Kc5 42. Ke3 Ra1 43. c4 Rxa3 44. Kd2 Kd4 45. Kc2 Rxd3
46. Nc7 Kxe4 47. Rb4 Kd4 48. Ra4 Rc3+ 49. Kd2 Rd3+ 50. Kc2 e4 51. Rxa5 e3 52.
Ra1 Rd2+ 53. Kb3 Kd3 54. Bf5+ Ke2 55. Kc3 Rd1 56. Rxd1 Kxd1 57. Bg4+ Ke1 58.
Kd4 a5 59. Kc3 e2 60. Bxe2 Kxe2 61. Nb5 a4 62. Kb2 1/2-1/2